<?xml version="1.0" encoding="UTF-8"?><?xml-stylesheet type="text/xsl" href="static/style.xsl"?><OAI-PMH xmlns="http://www.openarchives.org/OAI/2.0/" xmlns:xsi="http://www.w3.org/2001/XMLSchema-instance" xsi:schemaLocation="http://www.openarchives.org/OAI/2.0/ http://www.openarchives.org/OAI/2.0/OAI-PMH.xsd"><responseDate>2026-06-06T04:19:02Z</responseDate><request verb="GetRecord" identifier="oai:riuma.uma.es:10630/46460" metadataPrefix="marc">https://riuma.uma.es/rest/oai/request</request><GetRecord><record><header><identifier>oai:riuma.uma.es:10630/46460</identifier><datestamp>2026-04-23T23:46:18Z</datestamp><setSpec>com_10630_2254</setSpec><setSpec>col_10630_37957</setSpec></header><metadata><record xmlns="http://www.loc.gov/MARC21/slim" xmlns:dcterms="http://purl.org/dc/terms/" xmlns:doc="http://www.lyncode.com/xoai" xmlns:xsi="http://www.w3.org/2001/XMLSchema-instance" xsi:schemaLocation="http://www.loc.gov/MARC21/slim http://www.loc.gov/standards/marcxml/schema/MARC21slim.xsd">
   <leader>00925njm 22002777a 4500</leader>
   <datafield ind2=" " ind1=" " tag="042">
      <subfield code="a">dc</subfield>
   </datafield>
   <datafield ind2=" " ind1=" " tag="720">
      <subfield code="a">Meléndez Vallejo,  María José</subfield>
      <subfield code="e">author</subfield>
   </datafield>
   <datafield ind2=" " ind1=" " tag="260">
      <subfield code="c">2026</subfield>
   </datafield>
   <datafield ind2=" " ind1=" " tag="520">
      <subfield code="a">Esta tesis doctoral analiza los patrones espaciales de distribución y riqueza de los condrictios (tiburones, rayas y quimeras) en el mar Mediterráneo, excluyendo el mar Negro, con el objetivo de evaluar la contribución relativa de procesos históricos y gradientes ecológicos contemporáneos en la configuración de su biodiversidad. Los condrictios constituyen uno de los grupos más vulnerables del medio marino debido a sus rasgos de historia vital, lo que refuerza la importancia de comprender los procesos biogeográficos que estructuran su diversidad en un contexto de elevada presión antrópica y cambio ambiental.

Desde un enfoque basado en la biogeografía histórica y la ecología espacial, la investigación examina el papel de eventos geológicos clave, como la crisis de salinidad del Messiniense y la posterior inundación zancliense, junto con factores ecológicos actuales, para explicar los patrones de riqueza y distribución a escala de cuenca. El estudio integra información de presencia y distribución de especies recopilada a partir de Unidades Geográficas Operativas para el periodo 1950–2023, combinada con análisis espaciales de riqueza específica, identificación de patrones corotípicos, evaluación del estado de conservación de las especies y análisis de la influencia de variables ambientales y tróficas.

Los resultados confirman la presencia de 90 especies de condrictios en el Mediterráneo y evidencian la necesidad de cautela en el uso de registros históricos no verificados. A escala de cuenca, la riqueza específica muestra un gradiente longitudinal decreciente de oeste a este, con una relación inversa con la distancia al estrecho de Gibraltar, consistente con un escenario de recolonización post-zancliense. Asimismo, el análisis identifica áreas prioritarias para la conservación, destacando la demarcación Estrecho–Alborán por su elevada diversidad, su papel como corredor Atlántico–Mediterráneo y la concentración de especies amenazadas.</subfield>
   </datafield>
   <datafield ind2=" " ind1=" " tag="520">
      <subfield code="a">En conjunto, esta tesis aporta una síntesis actualizada de la biogeografía y conservación de los condrictios mediterráneos y proporciona una base científica para orientar estrategias de gestión y conservación en áreas clave de conectividad.</subfield>
   </datafield>
   <datafield ind1="8" ind2=" " tag="024">
      <subfield code="a">https://hdl.handle.net/10630/46460</subfield>
   </datafield>
   <datafield tag="653" ind2=" " ind1=" ">
      <subfield code="a">Biogeografía - Tesis doctorales</subfield>
   </datafield>
   <datafield tag="653" ind2=" " ind1=" ">
      <subfield code="a">Condrictios - Protección</subfield>
   </datafield>
   <datafield ind2="0" ind1="0" tag="245">
      <subfield code="a">Biogeografía de la conservación de los condrictios del mar Mediterráneo</subfield>
   </datafield>
</record>
</metadata></record></GetRecord></OAI-PMH>